Statistics for NewJeans Songs

Click here to take the quiz!

General Stats

  • This quiz has been taken 79 times
  • The average score is 12 of 13

Answer Stats

Answer% Correct
Ditto
100%
Cookie
99%
Attention
97%
New Jeans
97%
Hype Boy
96%
Super Shy
96%
Cool With You
93%
ETA
93%
Hurt
93%
OMG
93%
Get Up
91%
ASAP
88%
Zero
88%

Score Distribution

Percentile by Number Answered

Percent of People with Each Score

Your Score History

You have not taken this quiz